[Event "Collado Villalba op 39th"]
[Site "Collado Villalba"]
[Date "2022.08.28"]
[Round "9"]
[White "Anton Ortiz, Javier"]
[Black "Mouradova, Nelli"]
[Result "0-1"]
[WhiteElo "1323"]
[BlackElo "1825"]
[PlyCount "94"]
[EventDate "2022.08.20"]
[EventType "swiss"]
[EventRounds "9"]
[EventCountry "ESP"]
[SourceTitle "EXT 2023"]
[Source "ChessBase"]
[SourceDate "2022.10.05"]
[SourceVersion "1"]
[SourceVersionDate "2022.10.05"]
[SourceQuality "1"]

1. e4 e6 2. d4 d5 3. exd5 exd5 4. Nf3 Nc6 5. Bb5 Bd6 6. 0-0 Be6 7. Ne5 Nge7 8. c4 dxc4 9. Nxc6 bxc6 10. Bxc6+ Nxc6 11. d5 Bxd5 12. Qxd5 Bxh2+ 13. Kxh2 Qxd5 14. Nc3 Qh5+ 15. Kg1 0-0 16. Bf4 Nd4 17. Bxc7 Rac8 18. Bg3 Ne2+ 19. Nxe2 Qxe2 20. Rab1 Qg4 21. Bh2 h5 22. Rbc1 h4 23. Rc3 Rfd8 24. f3 Qd4+ 25. Kh1 Qd2 26. Rb1 Qe2 27. Bf4 Rd1+ 28. Rxd1 Qxd1+ 29. Kh2 Qe2 30. b3 Qxa2 31. bxc4 Rxc4 32. Rxc4 Qxc4 33. g3 hxg3+ 34. Kxg3 a5 35. Bd6 Qd3 36. Bc5 a4 37. Be7 a3 38. Bxa3 Qxa3 39. Kg4 Qe3 40. f4 Qe4 41. Kg3 f5 42. Kf2 Qxf4+ 43. Kg1 Qd2 44. Kf1 f4 45. Kg1 f3 46. Kf1 Qe2+ 47. Kg1 Qg2# 0-1